|
|
|
|
| LEADER |
01009nam a2200325 a 4500 |
| 001 |
000323616 |
| 003 |
CZ BrMZK |
| 005 |
20260211100343.0 |
| 007 |
ta |
| 008 |
980115s1998 xr g f cze d |
| 015 |
|
|
|a cnb000362316
|
| 020 |
|
|
|a 80-7170-913-1
|
| 035 |
|
|
|a (OCoLC)84950464
|
| 040 |
|
|
|a BOA001
|b cze
|
| 072 |
|
7 |
|a 821.111-3
|x Anglická próza, anglicky psaná
|2 Konspekt
|9 25
|
| 080 |
|
|
|a 821.111-31
|2 MRF
|
| 080 |
|
|
|a (0:82-312.5)
|2 MRF
|
| 100 |
1 |
|
|a Riggs, Paula Detmer
|4 aut
|
| 245 |
1 |
0 |
|a Síla žít /
|c Paula Detmer Riggsová ; [z angličtiny přeložila Dana Bursíková].
|
| 260 |
|
|
|a Praha :
|b Harlequin,
|c 1998
|
| 300 |
|
|
|a 151 s. ;
|c 18 cm
|
| 490 |
1 |
|
|a Desire na přání ;
|v 28 (U 3/98)
|
| 655 |
|
7 |
|a anglicky psané romány
|7 fd131805
|2 czenas
|
| 655 |
|
7 |
|a milostné romány
|7 fd132840
|2 czenas
|
| 700 |
1 |
|
|a Bursíková, Dana
|7 jx20090724015
|4 trl
|
| 765 |
0 |
|
|t Daddy by accident
|
| 830 |
|
0 |
|a Desire na přání
|
| 910 |
|
|
|a BOA001
|b 1-1046.845
|
| 990 |
|
|
|a BK
|
| 991 |
|
|
|s SKRYTO odpis
|